| 000 | 00954cam a2200253 4500 | ||
|---|---|---|---|
| 001 | ABS62560 | ||
| 008 | 000000n2000 000 0 eng u | ||
| 035 | _a(Sirsi) u107334 | ||
| 100 | _aBrewer, G. | ||
| 245 | _aConsidering architect's fees | ||
| 260 | _c2000 | ||
| 490 |
_aContract Journal _v404(6283) 28 June 2000, 22(1) |
||
| 520 | _aConsiders consequential loss and the recent case of "Johnston v WH Brown Construction". The central issue was whether architect's fees in preparing a defects list were recoverable as consequential losses from a builder. Scotland. | ||
| 590 | _aABS | ||
| 650 | _aSCOTLAND | ||
| 650 | _aARCHITECTS' FEES | ||
| 650 | _aCONSEQUENTIAL LOSS | ||
| 650 | _aDESIGN AND CONSTRUCT CONTRACTS | ||
| 650 | _aLIABILITY | ||
| 650 | _aBRITISH SUGAR PLC V NEI POWER PLANT PROJECTS LTD | ||
| 650 | _aJOHNSTON V WH BROWN CONSTRUCTION (DUNDEE) LTD | ||
| 690 | _aBUILT ENVIRONMENT-BUILDING CONTRACT FORMS | ||
| 942 | _n0 | ||
| 999 |
_c64173 _d64173 |
||